Catálogo
 En Linea

Cuando murió la dignidad (Registro nro. 58881)

Detalles MARC
000 -LEADER
campo de control de longitud fija 00247nam a22000977a 4500
020 ## - NÚMERO INTERNACIONAL ESTÁNDAR DEL LIBRO
Número Internacional Estándar del Libro 9789945649543
100 1# - ENTRADA PRINCIPAL--NOMBRE DE PERSONA
Nombre de persona Cuba, Dario
-- 19090
245 0# - MENCIÓN DEL TÍTULO
Título Cuando murió la dignidad
264 ## - PRODUCCIÓN, PUBLICACIÓN, DISTRIBUCIÓN, FABRICACIÓN Y COPYRIGHT
Producción, publicación Santo Domingo :
Nombre del de productor, editor, distribuidor, fabricante Printbarato,
Fecha de producción, publicación, distribución, fabricación o copyright 2024.
300 ## - DESCRIPCIÓN - FÍSICA
Extensión Pestaña: 128 Páginas ;
999 ## -
-- 58881
-- 58881
Existencias
Estatus retirado Estado de pérdida Fuente del sistema de clasificación o colocación Estado de daño Restricciones de uso No para préstamo Biblioteca de origen Biblioteca actual Fecha de adquisición Fuente de adquisición Total de préstamos Código de barras Visto por última vez Tipo de ítem Koha Nota pública Copia número
    Dewey Decimal Classification   Excluido de préstamo   Biblioteca Nacional Pedro Henríquez Ureña Biblioteca Nacional Pedro Henríquez Ureña 08.05.2025 Depósito Legal   2025-3872 30.04.2025 Libro En proceso de descripción  
    Dewey Decimal Classification   Excluido de préstamo   Biblioteca Nacional Pedro Henríquez Ureña Biblioteca Nacional Pedro Henríquez Ureña 08.05.2025 Depósito Legal   2025-3873 30.04.2025 Libro En proceso de descripción e.2
    Dewey Decimal Classification   Excluido de préstamo   Biblioteca Nacional Pedro Henríquez Ureña Biblioteca Nacional Pedro Henríquez Ureña 08.05.2025 Depósito Legal   2025-3874 30.04.2025 Libro En proceso de descripción e.3

Con tecnología Koha